| 000 | 00505nam a22001697a 4500 | ||
|---|---|---|---|
| 005 | 20260227160153.0 | ||
| 008 | 260227b |||||||| |||| 00| 0 eng d | ||
| 020 | _a 978-0-8018-8333-0 | ||
| 050 |
_aJQ 1879 .A5 L56 2006 _b1 |
||
| 100 | _aLINDBERG,STAFFAN I. | ||
| 245 | _aDEMOCRACY AND ELECTIONS IN AFRICA | ||
| 260 |
_aBALTIMORE, _bTHE JOHNS HOPKINS UNIVERSITY PRESS _c2006 |
||
| 300 | _aXiii,227p;ILL | ||
| 500 | _aINCLUDES,BIBLOGRAPHIC REFERENCES ,INDEX | ||
| 650 | _aDEMOCRACY | ||
| 942 |
_2lcc _cBK |
||
| 999 |
_c216724 _d216724 |
||